000
00285nam a2200109Ia 4500
008
220204s9999 xx 000 0 und d
082
_a
331.572.44
_b
GOL
100
_a
GOLZE, Alfred R
245
0
_a
Reclamation in the United States.
260
_a
New York
_b
Mcgraw Hill
_c
1952
942
_c
BK
999
_c
19402
_d
19402